000
00288nam a22001337a 4500
008
170810b xxu||||| |||| 00| 0 eng d
020
_a
0070649286
041
_a
eng
080
_a
004
100
_a
35
101
_a
SHKI
245
_a
DIGITAL PRINCIPLES
_c
TOKHEIM, R.L
942
_2
udc
_c
BK
999
_c
23161
_d
23161